[Event "Winter 2018 CCCSA-GM A"]
[Site "Charlotte"]
[Date "2018.01.14"]
[Round "7.5"]
[White "Escobar Forero, Alder"]
[Black "Arribas Lopez, Angel"]
[Result "1/2-1/2"]
[WhiteElo "2482"]
[BlackElo "2483"]
[Annotator "TA"]
[PlyCount "34"]
[EventDate "2018.01.11"]
[EventType "tourn"]
[EventCountry "USA"]
[SourceTitle "playchess.com"]
[Source "ChessBase"]
[SourceQuality "1"]

{[%evp 15,16,16,6]} 1. e4 c5 2. Nf3 d6 3. d4 cxd4 4. Nxd4 Nf6 5. Nc3 g6 6. g3 Nc6 7. Bg2 Bd7 8. O-O Bg7 {Predecessor:} 9. Nde2 $146 Qc8 10. Nf4 h5 11. h4 O-O 12. Re1 Re8 13. Ncd5 Nxd5 14. Nxd5 Bg4 15. Qd3 Rb8 16. c3 Ne5 17. Qf1 e6 {½-½ (53) Onischuk,V (2602)-Kogan,A (2530) Bastia 2016} 1/2-1/2

[Event "Winter 2018 CCCSA-GM A"]
[Site "Charlotte"]
[Date "2018.01.15"]
[Round "8.1"]
[White "Kaliksteyn, Alexander"]
[Black "Arribas Lopez, Angel"]
[Result "1/2-1/2"]
[WhiteElo "2425"]
[BlackElo "2483"]
[Annotator "TA"]
[PlyCount "38"]
[EventDate "2018.01.11"]
[EventType "tourn"]
[EventCountry "USA"]
[SourceTitle "playchess.com"]
[Source "ChessBase"]
[SourceQuality "1"]

{[%evp 18,19,16,20]} 1. d4 Nf6 2. Nf3 g6 3. Bf4 Bg7 4. e3 O-O 5. Nbd2 d6 6. c3 b6 7. h3 Bb7 8. Be2 Nbd7 9. O-O c5 10. Bh2 {Predecessor:} a6 $146 11. a4 Ra7 12. Bd3 Qa8 13. Qe2 Ne4 14. Nxe4 Bxe4 15. Bxe4 Qxe4 16. Rfc1 Rc8 17. Nd2 Qa8 18. b4 Rac7 19. dxc5 bxc5 {0-1 (45) Bindrich,F (2590)-Amin,B (2662) Doha 2016} 1/2-1/2

[Event "Winter 2018 CCCSA-GM A"]
[Site "Charlotte"]
[Date "2018.01.15"]
[Round "8.2"]
[White "Wang, Kevin"]
[Black "Escobar Forero, Alder"]
[Result "1/2-1/2"]
[WhiteElo "2380"]
[BlackElo "2482"]
[Annotator "TA"]
[PlyCount "37"]
[EventDate "2018.01.11"]
[EventType "tourn"]
[EventCountry "USA"]
[SourceTitle "playchess.com"]
[Source "ChessBase"]
[SourceQuality "1"]

{[%evp 22,37,21,16,32,23,44,44,44,21,17,20,21,0,11,7,19,0]} 1. e4 d6 2. d4 Nf6 3. Nc3 e5 4. Nf3 exd4 5. Nxd4 Nc6 6. Bb5 Bd7 7. O-O Be7 8. Re1 Nxd4 9. Qxd4 Bxb5 10. Nxb5 a6 11. Nc3 O-O 12. Bg5 Re8 {C66: Ruy Lopez: Steinitz Defence} 13. Rad1 Ng4 (13... h6 14. Bh4 Nd7 15. Bxe7 Rxe7 16. Nd5 Re6 17. Qc4 c6 18. Nf4 Rf6 19. e5 dxe5 20. Nh5 {½-½ (66) Moiseev,V (2415)-Novikov,M (2503) Tula 2010}) 14. Bxe7 Rxe7 {White is slightly better.} 15. f4 $146 ({Find the theoretical novelty and annotate with similar games:} 15. Nd5 Re5 16. f3 Nf6 17. c4 Nxd5 18. cxd5 Qd7 19. Qb4 Qb5 20. Qxb5 axb5 {½-½ (35) Dournes,R-Haug,K corr 1997}) 15... Re6 {The position is equal.} 16. h3 Nf6 17. Re3 Qf8 18. Rde1 Rae8 19. Nd5 1/2-1/2

[Event "Winter 2018 CCCSA-GM A"]
[Site "Charlotte"]
[Date "2018.01.15"]
[Round "8.3"]
[White "Praggnanandhaa, R."]
[Black "Korley, Kassa"]
[Result "1-0"]
[WhiteElo "2515"]
[BlackElo "2387"]
[Annotator "TA"]
[PlyCount "57"]
[EventDate "2018.01.11"]
[EventType "tourn"]
[EventCountry "USA"]
[SourceTitle "playchess.com"]
[Source "ChessBase"]
[SourceQuality "1"]

{[%evp 10,57,32,19,54,71,100,105,102,100,107,91,127,150,141,136,161,172,210,192,181,176,195,196,195,183,205,199,256,238,186,184,218,196,206,206,278,195,196,201,312,288,361,281,408,395,400,384,342,170]} 1. Nf3 d5 2. g3 Nc6 3. d4 Bg4 4. Bg2 Qd7 5. O-O O-O-O 6. c3 {LiveBook: 16 Games. D02: 1 d4 d5 2 Nf3 sidelines, including 2...Nf6 3 g3 and 2...Nf6 3 Bf4} e5 $146 ({Find the theoretical novelty and annotate with similar games:} 6... f6 7. b4 Bh3 8. Nbd2 Bxg2 9. Kxg2 e5 10. b5 e4 11. bxc6 exf3+ 12. Nxf3 Qxc6 13. Qd3 Kb8 {½-½ (58) Vakhidov,J (2561)-Golubov,S (2492) Moscow 2017}) 7. dxe5 Bxf3 8. exf3 {White is better.} Nxe5 9. f4 Ng4 10. Nd2 h5 11. Nf3 h4 12. Nxh4 Rxh4 13. gxh4 f5 14. h3 N4f6 15. Be3 Ne7 16. Qd4 ({Don't take} 16. Bxa7 $6 b6 $16) 16... b6 17. h5 c5 18. Qd1 g6 (18... Kb8 $142 19. Rc1 Ne4) 19. b4 c4 20. Bd4 Nxh5 21. Be5 Nc6 {[#]} 22. Qf3 $1 Bg7 23. Rad1 {Strongly threatening Bxg7.} Bxe5 24. fxe5 Ne7 (24... Nxe5 $142 25. Qxd5 Qxd5 26. Bxd5 Nf4 27. Bb7+ Kc7) 25. Rd4 $18 Qc6 26. Rfd1 Kc7 (26... Ng7 {was worth a try.} 27. Rh4 Ne6) 27. Qe3 Qe6 28. Qd2 Qxe5 {[#]} 29. Bxd5 {Precision: White = 91%, Black = 33%.} (29. Rxc4+ $142 $1 {[%mdl 512]} Kb8 (29... dxc4 30. Qxd8#) 30. Rd4) 1-0

[Event "Winter 2018 CCCSA-GM A"]
[Site "Charlotte"]
[Date "2018.01.15"]
[Round "8.4"]
[White "Panchanathan, Magesh Chandran"]
[Black "Brodsky, David"]
[Result "1-0"]
[WhiteElo "2486"]
[BlackElo "2405"]
[Annotator "TA"]
[PlyCount "107"]
[EventDate "2018.01.11"]
[EventType "tourn"]
[EventCountry "USA"]
[SourceTitle "playchess.com"]
[Source "ChessBase"]
[SourceQuality "1"]

{[%evp 17,107,4,26,-4,-4,-5,2,1,6,0,0,6,8,0,11,16,12,1,4,15,40,17,28,10,29,7,14,7,18,17,16,12,19,0,0,-18,-16,-16,24,20,69,84,120,18,33,41,47,42,61,52,47,50,88,75,91,78,126,130,124,118,131,118,68,62,132,1,1,1,1,0,8,8,29970,29971,29974,29975,29974,29975,29976,29978,29978,29979,29976,29978,29979,29981,29981,29980,29982,29981,29983,29983]} 1. d4 d5 2. Nf3 Nf6 3. c4 c6 4. Nc3 dxc4 5. a4 Bf5 6. e3 e6 7. Bxc4 Bb4 8. O-O Nbd7 9. h3 h6 {LiveBook: 6 Games. D18: Slav Defence: 5 a4 Bf5 6 e3} 10. Ne1 $146 ({Predecessor:} 10. Ne2 O-O 11. b3 Qa5 12. Ng3 Bh7 13. Bb2 Rad8 14. Qe2 Ne4 15. Nxe4 Bxe4 16. Rfd1 Qh5 17. Ne1 Qxe2 18. Bxe2 {1-0 (90) Fedoseev,V (2733)-Van Haastert,E (2447) Antalya 2017}) 10... O-O 11. Bd3 Bxd3 {The position is equal.} 12. Nxd3 Bd6 13. e4 {And now e5 would win.} e5 14. Be3 Re8 15. Qb3 Qb6 16. Qxb6 axb6 17. f3 exd4 18. Bxd4 Rad8 19. Rad1 Bc7 20. b3 Nh5 21. Rfe1 Nf8 22. Be3 Ne6 23. Ne2 Ng3 24. Kf2 Nxe2 25. Kxe2 {[#]} f5 $1 {[%mdl 512]} 26. Nb2 (26. exf5 Nd4+) 26... fxe4 27. fxe4 Bg3 28. Rxd8 Nxd8 29. Rd1 Nf7 30. Kf3 (30. Rd7 $1 $16) 30... Bc7 31. Nc4 b5 32. axb5 cxb5 33. Na3 $1 Nd6 34. Bf4 Rf8 {...b4 is the strong threat.} 35. e5 Nc4 36. bxc4 g5 37. Ke4 $1 ({Don't take} 37. Nxb5 Rxf4+ 38. Ke3 Bxe5 $14) 37... Rxf4+ $16 {[%mdl 4096] Endgame KRB-KRN} 38. Kd5 Rf5 {[#]} 39. Re1 $1 bxc4 40. Nxc4 b5 (40... Rf2 $1 $14) 41. Nd6 (41. Na3 $16) 41... Bxd6 $1 $11 42. Kxd6 {KR-KR} Rf2 43. Rd1 {Threatens to win with e6.} Rxg2 44. e6 {[%cal Be5e6,Be6e7][%mdl 32]} Re2 $2 {[%mdl 8192] [#]} (44... Kf8 $11) 45. e7 $1 {White mates.} Kf7 46. Rf1+ Kg6 47. Rf8 Kh5 48. Rf6 Rd2+ 49. Kc7 Re2 50. Kd7 Rxe7+ 51. Kxe7 b4 52. Rb6 Kh4 53. Rxh6+ Kg3 54. Kf6 {Precision: White = 53%, Black = 38%.} 1-0

[Event "Winter 2018 CCCSA-GM A"]
[Site "Charlotte"]
[Date "2018.01.15"]
[Round "8.5"]
[White "Bartholomew, John"]
[Black "Shmeliov, Denis"]
[Result "1/2-1/2"]
[WhiteElo "2459"]
[BlackElo "2420"]
[Annotator "TA"]
[PlyCount "48"]
[EventDate "2018.01.11"]
[EventType "tourn"]
[EventCountry "USA"]
[SourceTitle "playchess.com"]
[Source "ChessBase"]
[SourceQuality "1"]

{[%evp 13,48,8,0,0,27,0,0,0,8,-12,-8,-8,0,-10,-5,-33,-14,-22,0,-8,10,9,29,0,4,-10,-10,-10,-10,-10,-9,-8,-6,-25,-26,-18,-21]} 1. d4 d5 2. c4 c6 3. Nf3 Nf6 4. g3 g6 5. Bg2 Bg7 6. O-O O-O 7. Na3 Ne4 {LiveBook: 6 Games. D78: Fianchetto Grünfeld: 6 0-0 c6} (7... Bf5 8. Bf4 Nbd7 9. Qc1 Qb6 10. Rd1 Rac8 11. c5 Qa5 12. Nh4 b6 13. Nxf5 gxf5 14. cxb6 Qxb6 15. Rb1 c5 {½-½ (70) Nikolic,P (2618)-Vuckovic,B (2558) Kraljevo 2015}) 8. Bf4 a6 $146 ({Predecessor:} 8... Qb6 9. Qc1 Be6 10. Rd1 Nd7 11. Rd3 Rac8 12. c5 Qd8 13. Nc2 b6 14. b4 a5 15. a3 axb4 16. axb4 bxc5 17. bxc5 Ndxc5 18. dxc5 Nxc5 {1-0 (42) Fyllingen,R (2429)-Orseth,D (2285) Norway 1999}) 9. Qc1 Be6 10. Rd1 Nd7 11. Ng5 Nxg5 12. Bxg5 Nf6 13. cxd5 cxd5 14. Qc5 h6 15. Bf4 Nd7 16. Qb4 g5 17. Bd2 Qb6 18. e3 Rfc8 19. Rdc1 Qxb4 20. Bxb4 Bf8 21. g4 Nf6 22. h3 Bd7 23. Nc2 e6 {...Rxc2! is the strong threat.} 24. Bxf8 Kxf8 {Precision: White = 29%, Black = 53%.} 1/2-1/2

[Event "Winter 2018 CCCSA-GM A"]
[Site "Charlotte"]
[Date "2018.01.15"]
[Round "9.1"]
[White "Shmeliov, Denis"]
[Black "Kaliksteyn, Alexander"]
[Result "1/2-1/2"]
[WhiteElo "2420"]
[BlackElo "2425"]
[Annotator "TA"]
[PlyCount "29"]
[EventDate "2018.01.11"]
[EventType "tourn"]
[EventCountry "USA"]
[SourceTitle "playchess.com"]
[Source "ChessBase"]
[SourceQuality "1"]

{[%evp 14,29,19,16,18,23,34,0,0,0,12,0,18,0,8,-19,18,30]} 1. d4 Nf6 2. c4 g6 3. Nc3 d5 4. cxd5 Nxd5 5. Bd2 Bg7 6. e4 Nxc3 7. Bxc3 O-O 8. Qd2 c5 {[%cal Rc5d4] D85: Exchange Grünfeld: Unusual White 7th moves and lines with 7 Nf3} (8... Nc6 9. Ne2 e5 10. d5 Nd4 11. Nxd4 exd4 12. Bxd4 Re8 13. f3 Qxd5 14. Bxg7 Qxd2+ 15. Kxd2 Kxg7 16. Bd3 {½-½ (31) Vallejo Pons,F (2716)-Aronian,L (2795) Novi Sad 2016}) 9. d5 e6 10. Bxg7 Kxg7 {The position is equal.} 11. Bc4 Nd7 12. d6 b6 $146 ({Find the theoretical novelty and annotate with similar games:} 12... Qh4 13. Qe2 Ne5 14. Nf3 Qf4 15. Nxe5 Qxe5 16. Rd1 {1-0 (55) Levin,F (2458)-Schleining,Z (2287) Duesseldorf 2011}) 13. Nf3 Bb7 14. Qe3 Qf6 15. O-O-O 1/2-1/2

[Event "Winter 2018 CCCSA-GM A"]
[Site "Charlotte"]
[Date "2018.01.15"]
[Round "9.2"]
[White "Brodsky, David"]
[Black "Bartholomew, John"]
[Result "1/2-1/2"]
[WhiteElo "2405"]
[BlackElo "2459"]
[Annotator "TA"]
[PlyCount "118"]
[EventDate "2018.01.11"]
[EventType "tourn"]
[EventCountry "USA"]
[SourceTitle "playchess.com"]
[Source "ChessBase"]
[SourceQuality "1"]

{[%evp 28,118,42,36,67,38,58,14,62,59,116,122,105,7,6,6,10,4,2,4,28,0,11,0,0,0,104,0,10,-41,-31,-34,9,10,10,10,27,0,22,0,0,0,0,14,1,0,0,0,3,-9,-9,-9,-11,-12,-10,-12,-10,-12,-20,-21,0,0,0,0,0,0,0,0,0,0,0,0,0,0,0,0,0,-396,-329,-343,0,0,0,0,0,0,0,0,0,0,0,0,0]} 1. e4 c5 2. Nf3 d6 3. d4 cxd4 4. Nxd4 Nf6 5. Nc3 Nc6 6. Bg5 e6 7. Qd2 a6 8. O-O-O Bd7 9. f4 Be7 10. Nf3 b5 11. e5 b4 12. exf6 bxc3 13. Qxc3 gxf6 14. Bh4 d5 15. Kb1 Rc8 {[#] Threatening ...Nb4. B68: Sicilian: Richter-Rauzer: 7...a6 8 0-0-0 Bd7 9 f4 Be7} 16. Qe3 $146 ({Predecessor:} 16. Qd2 Qc7 17. g4 a5 18. g5 f5 19. Bb5 Nb4 20. Bxd7+ Qxd7 21. c3 Na6 22. c4 O-O 23. Ne5 {1-0 (40) Salgado Lopez,I (2623)-Acs,P (2606) Paks 2011}) 16... Qa5 {...Nb4 is the strong threat.} 17. Nd4 Qa4 18. b3 Qa3 {[#]} (18... Qa5 $14) 19. Nxc6 $1 $16 Rxc6 20. Bd3 ({Better is} 20. Qd4 $16) 20... Bc5 $1 $132 {[%cal Rc5e3][%mdl 2048] Black is not keeping still} 21. Qc1 Qxc1+ 22. Rxc1 Ke7 23. Rhe1 Bb4 24. Re2 (24. Re5 $5) 24... Bc3 25. Rf1 Rc5 26. Rf3 d4 (26... a5 $11 {keeps the balance.}) 27. Be1 (27. Re5 $1 $16 {[%cal Re5c5]} Ra5 28. Rxa5 Bxa5 29. Bf2 (29. Bxa6 Bc6 $14)) 27... a5 28. Bc4 (28. Bxc3 $11 Rxc3 29. Rh3) 28... Bxe1 $15 29. Rxe1 Rg8 30. g3 Bc6 31. Rd3 Rd8 32. Rd2 e5 33. Bd3 h6 34. Rf2 Bb5 35. Bxb5 Rxb5 $11 {[%mdl 4096] Endgame KRR-KRR} 36. Rf3 Rc5 37. Re2 Rc3 38. Rf1 Ke6 39. fxe5 fxe5 40. Ref2 Rdc8 41. Rf6+ Kd5 42. R1f2 R8c7 43. Rxh6 Ke4 44. Rhf6 d3 45. cxd3+ Kxd3 46. R6f3+ Kd4 {aiming for ...Rxf3.} 47. Rxc3 ({Don't do} 47. Rxf7 $6 Rxf7 48. Rxf7 e4 $16) (47. Rd2+ {with more complications.} Ke4 48. Rf1 Ke3 49. Rg2 e4 50. h4) 47... Rxc3 48. Rxf7 {KR-KR} e4 49. Kb2 {Strongly threatening Rd7+.} Rc5 50. a3 e3 {Hoping for ...e2.} 51. Re7 Rf5 52. Rd7+ $2 {[%mdl 8192]} (52. b4 $11 {and White has nothing to worry.}) 52... Ke4 $19 53. Kc2 {[#]} Rf2+ $2 (53... Rf1 $1 $19 {And now ...e2 would win.} 54. Re7+ Kf3 55. Rf7+ Kg2) 54. Kd1 $11 {The position is equal.} Rxh2 55. Re7+ Kd3 {[%cal Rh2h1]} (55... Kf3 $5 56. Rf7+ $8 Kg4 $11) 56. Rd7+ Kc3 57. Rc7+ Kd3 {[%cal Rh2h1]} 58. Rd7+ Ke4 59. Re7+ Kd3 {Precision: White = 48%, Black = 51%.} 1/2-1/2

[Event "Winter 2018 CCCSA-GM A"]
[Site "Charlotte"]
[Date "2018.01.15"]
[Round "9.3"]
[White "Korley, Kassa"]
[Black "Panchanathan, Magesh Chandran"]
[Result "1-0"]
[WhiteElo "2387"]
[BlackElo "2486"]
[Annotator "TA"]
[PlyCount "105"]
[EventDate "2018.01.11"]
[EventType "tourn"]
[EventCountry "USA"]
[SourceTitle "playchess.com"]
[Source "ChessBase"]
[SourceQuality "1"]

{[%evp 10,105,11,0,0,-8,0,-12,-9,-17,0,-2,0,0,13,13,7,-14,-7,-12,6,1,192,191,192,191,183,189,192,179,166,145,150,147,199,212,184,122,125,123,125,122,127,65,79,99,103,75,92,118,178,177,174,172,221,227,362,174,181,156,185,183,314,314,301,274,365,366,365,364,342,346,467,384,379,330,438,453,451,443,589,583,567,556,5465,631,595,497,746,617,774,758,753,735,752,724,694,669]} 1. d4 Nf6 2. c4 e6 3. e3 b6 4. Nf3 Bb7 5. Be2 Bb4+ 6. Bd2 {LiveBook: 5 Games. E14: Queen's Indian: Classical Variation (4 e3)} Be7 7. O-O O-O 8. Nc3 {The position is equal.} c5 9. Qc2 Nc6 10. dxc5 bxc5 11. Rfd1 $146 ({Find the theoretical novelty and annotate with similar games:} 11. Rad1 d6 12. Bc1 Qa5 13. b3 Rfd8 {0-1 (63) Mamedjarova,Z (2332)-Totsky,L (2498) Cappelle-la-Grande 2008}) 11... Qb8 12. a3 Rd8 13. Be1 Ne5 14. e4 {[%cal Be3e4,Be4e5][%mdl 32]} Nxf3+ 15. Bxf3 Bd6 $2 {[#]} (15... a6 $11 {and Black is okay.}) 16. Rxd6 $1 $18 {[%mdl 512]} Qxd6 {[#]} 17. e5 $1 {[%cal Re5d6][%mdl 512]} Qxe5 18. Bxb7 Rab8 19. Bf3 d5 20. cxd5 exd5 21. Bd2 c4 (21... d4 $16 {might work better.}) 22. Re1 Qd6 23. Ne2 (23. Qc1 $18) 23... Qb6 $16 24. Bc1 Rbc8 25. Ng3 d4 26. Qd2 (26. Nf5 $16) 26... Re8 27. Rd1 $36 {[%mdl 2048] White has strong initiative.} Rcd8 28. h3 g6 29. Qc2 Qb5 (29... Rc8 $16) 30. Bh6 $18 Re6 31. Qd2 Qb3 32. Bg5 d3 {[#]} (32... Qb6 {is a better defense.} 33. Qf4 Rd7) 33. Be3 (33. Nh5 $142 $1 {[%mdl 512]} Qb6 (33... Nxh5 34. Bxd8) 34. Nxf6+ Rxf6 35. Qc3 (35. Bxf6 Qxf6 36. Re1 Rb8 $18)) 33... a6 34. Rc1 h5 35. Nf1 Nd5 (35... Ne4 {was called for.} 36. Qa5 Rde8) 36. Bxd5 Rxd5 {[#]} 37. Rc3 $1 {[%cal Rc3b3]} Qa2 {[#]} 38. Qc1 $1 Rc6 39. Nd2 Rb5 40. b3 ({Don't do} 40. Rxc4 Rxc4 41. Nxc4 Rd5) ({Resist} 40. Nxc4 Rb8 $18) 40... Rd5 41. Kh2 Rd8 42. a4 a5 43. Nxc4 {White is clearly winning.} Qe2 44. Nd2 Rxc3 45. Qxc3 Re8 46. Qd4 h4 47. Nf3 (47. Ne4 $142 Rxe4 48. Qxe4) 47... Qc2 48. Qxh4 {aiming for Bd4.} Rxe3 (48... Qc7+ $142 49. Kg1 Qe7) 49. fxe3 Qxb3 50. Qd8+ Kg7 51. Qxa5 Qb8+ 52. Kg1 Qb1+ 53. Kf2 {Precision: White = 72%, Black = 41%.} 1-0

[Event "Winter 2018 CCCSA-GM A"]
[Site "Charlotte"]
[Date "2018.01.15"]
[Round "9.4"]
[White "Escobar Forero, Alder"]
[Black "Praggnanandhaa, R."]
[Result "1/2-1/2"]
[WhiteElo "2482"]
[BlackElo "2515"]
[Annotator "TA"]
[PlyCount "37"]
[EventDate "2018.01.11"]
[EventType "tourn"]
[EventCountry "USA"]
[SourceTitle "playchess.com"]
[Source "ChessBase"]
[SourceQuality "1"]

{[%evp 24,27,37,38,47,42]} 1. e4 c5 2. Nf3 e6 3. d4 cxd4 4. Nxd4 a6 5. c4 Nf6 6. Nc3 Qc7 7. a3 b6 8. Be3 Bb7 {B41: Sicilian: Kan Variation: 5 c4} 9. f3 d6 10. Be2 Nbd7 11. O-O Be7 12. Qd2 O-O 13. Rfc1 {LiveBook: 56 Games} Rfe8 14. a4 {[#]} {Find the theoretical novelty and annotate with similar games:} Ne5 $146 15. a5 bxa5 16. Nb3 Rab8 17. Nxa5 Ba8 18. Na4 Qd8 19. Bd4 {0-1 (37) Bruzon Batista,L (2659)-Svidler,P (2727) Berlin 2015} 1/2-1/2